| 000 | 00713cam a2200229 a 4500 | ||
|---|---|---|---|
| 999 |
_c4292 _d4292 |
||
| 003 | ALUPE UNIVERSITY COLLEGE | ||
| 005 | 20220322070653.0 | ||
| 008 | 990701s1999 enka b 001 0 eng | ||
| 020 | _a0340700939 | ||
| 040 | _cALUPE UNIVERSITY COLLEGE | ||
| 050 |
_aRD93 _b.T73 |
||
| 245 | 0 | 0 |
_aTrauma : _ba scientific basis for care / _cedited by Emin Kaya Alpar, Peter Gosling. |
| 260 |
_aLondon : _bArnold, _c1999. |
||
| 300 |
_aviii, 383 p. : _bill. ; _c28 cm. |
||
| 504 | _aIncludes bibliographical references and index. | ||
| 650 | 0 |
_aWounds and injuries _xTreatment. |
|
| 650 | 0 | _aTraumatology. | |
| 700 | 1 | _aGosling, Peter. | |
| 700 | 1 | _aAlpar, E. K. | |
| 942 |
_2lcc _cBK _nPW |
||